| 000 | 01138nas a2200313 4500 | ||
|---|---|---|---|
| 001 | BR8806906 | ||
| 003 | BR-BrBNA | ||
| 005 | 20231205091351.0 | ||
| 007 | ta | ||
| 008 | 230509b bl.|||p| |||| 00| 00por d | ||
| 040 |
_aBR-BrBNA _bpor _cBiblioteca Nacional de Agricultura |
||
| 041 | _a(Pt) | ||
| 072 | _aL73 | ||
| 100 | 1 | _aMathias, L.A. | |
| 100 | 1 | _aGerio, R.J.S. | |
| 100 | 1 | _aPinto, A.A. | |
| 100 | 1 | _aIrino, K. | |
| 245 | 1 | _aDiferenciacao entre infeccao experimental por Brucella abortus e por Yersinia enterocolitica sorogrupo 09 em cobaias, atraves das provas de soroaglutinacao de fixacao de complemento | |
| 246 | 1 | _aDifferentiation between Brucella abortus and Yesinia enterocolitica serogroup 09 though the experimental infection in guinea-pigs, by aglutination and complement fixation tests | |
| 650 | _aBRUCELOSE | ||
| 650 | _aCOBAIA | ||
| 650 | _aBACTERIA | ||
| 650 | _aSORO-AGLUTINACAO | ||
| 650 | _aANTICORPO | ||
| 650 | _aANTIGENO | ||
| 773 | 0 |
_tARS Veterinaria (Brazil) _xISSN 0102-6380 _g(Jun 1987), v. 3(1) p. 55-62 _wBR8806906 |
|
| 909 |
_a202311 _bLúcia _c55 _dLúcia Elande |
||
| 942 |
_2AGRIS _n0 _cANA |
||
| 999 |
_c124621 _d124621 |
||